| 000 | 00668nam a2200217Ia 4500 | ||
|---|---|---|---|
| 008 | 191130s1999##################000#0#eng## | ||
| 020 | _a9781858985886 | ||
| 022 | _a99047651 | ||
| 040 |
_aACL _cACL |
||
| 082 | _a306.42 MEJ.1 | ||
| 245 |
_aThe sociology of knowledge _cedited by Volker Meja and Nico Stehr |
||
| 260 |
_aCheltenham, UK ; Northampton, MA _bEdward Elgar Pub _cc1999 |
||
| 300 | _a2 v. ; 25 cm. | ||
| 500 | _aIncludes bibliographical references and indexes | ||
| 650 | _aKnowledge, Sociology of | ||
| 700 | _aMeja, Volker | ||
| 700 | _aStehr, Nico | ||
| 990 | _a9f605b89ac10000c3825c69dea715f1f | ||
| 991 | _a212150 | ||
| 999 |
_c293427 _d293427 |
||